Русская литература ХХ века: 1890-1910; Кн. 1

Bibliographische Detailangaben
Weitere Verfasser: Венгеров Семен Афанасьевич
Zusammenfassung:Исключено из фонда НТБ ТПУ
Sprache:Russisch
Veröffentlicht: Москва, XXI век, 2000
Schriftenreihe:Два века русской филологии
Format: MixedMaterials Buch
KOHA link:https://koha.lib.tpu.ru/cgi-bin/koha/opac-detail.pl?biblionumber=29507

MARC

LEADER 00000nam0a2200000 4500
001 29507
005 20231030203505.0
010 |a 5293000012 
010 |a 5-293-00035-7 
035 |a (RuTPU)RU\TPU\book\29772 
035 |a BOOK00029847 
090 |a 29507 
100 |a 20011209d2000 u y0rusy50 ca 
101 0 |a rus 
102 |a RU 
105 |a cfo f 000|y 
200 1 |a Русская литература ХХ века  |e 1890-1910  |f Под ред. С. А. Венгерова  |h Кн. 1 
210 |a Москва  |c XXI век  |c Согласие  |d 2000 
215 |a 511 с.  |c ил. 
225 1 |a Два века русской филологии 
333 |a Исключено из фонда НТБ ТПУ 
675 |a 8Р1(075.8)  |v 3 
702 1 |a Венгеров  |g Семен Афанасьевич 
801 0 |a RU  |b 63413507  |c 20011209  |g PSBO 
801 2 |a RU  |b 63413507  |c 20220530  |g PSBO 
942 |c BK